معالم التجديد الأصولي عند الإمام الشاطبي : دراسة تحليلية نقدية لأهم الأدوات المنهجية وأبرز المضامين الأصولية /
Saved in:
| 主要作者: | |
|---|---|
| 其他作者: | |
| 格式: | Thesis |
| 语言: | Arabic |
| 出版: |
Kuala Lumpur :
Kulliyat Ma'arif al-Wahy wa al-'Ulum al-Insaniyah, al-Jami'ah al-Islamiyah al-'Alamiyah bi-Maliziya,
2005
|
| 主题: | |
| 在线阅读: | http://studentrepo.iium.edu.my/handle/123456789/9173 |
| 标签: |
添加标签
没有标签, 成为第一个标记此记录!
|
| LEADER | 022290000a22004090004500 | ||
|---|---|---|---|
| 001 | 328956 | ||
| 005 | 20230713062752.0 | ||
| 008 | 051123s2005 my g 000 0 ara d | ||
| 035 | |a (Sirsi) 328956 | ||
| 040 | |a UIAM |b eng | ||
| 041 | 0 | |a ara | |
| 050 | 0 | 0 | |a BP145 |
| 100 | 1 | |a لحساسنة، أحسن |9 122928 | |
| 242 | 1 | 0 | |a Ma'alim al-tajdid al-usuli 'inda al-imam al-Shatibi : |b dirasat tahliliyat naqdiyat li-aham al-adawat al-manhajiyah wa-abraz al-madamin al-usuliyah |
| 245 | 1 | 0 | |a معالم التجديد الأصولي عند الإمام الشاطبي : |b دراسة تحليلية نقدية لأهم الأدوات المنهجية وأبرز المضامين الأصولية / |c إعداد أحسن لحساسنة |
| 260 | |a Kuala Lumpur : |b Kulliyat Ma'arif al-Wahy wa al-'Ulum al-Insaniyah, al-Jami'ah al-Islamiyah al-'Alamiyah bi-Maliziya, |c 2005 | ||
| 300 | |a ي، 499 leaves ; |c 30 cm. | ||
| 336 | |2 rdacontent | ||
| 337 | |2 rdamedia | ||
| 338 | |2 rdacarrier | ||
| 500 | |a "Bahth takmili li-mutatallabat nayl Dukturah fi Ma'arif al-Wahy wa-al-Turath."--On t.p. | ||
| 500 | |a Abstracts in English and Arabic. | ||
| 502 | |a Thesis (Ph.D.) -- International Islamic University Malaysia, 2005 | ||
| 504 | |a Includes bibliographical references (leaves 482-499). | ||
| 600 | 1 | 0 | |a Shatibi, Ibrahim ibn Musa, |d d. 1388. |t al-Muwafaqat |9 122929 |
| 650 | 0 | |a Islamic law |x Criticism, interpretation, etc |9 5030 | |
| 650 | 0 | |a Islamic law |x Criticism, interpretation, etc. | |
| 655 | 0 | 7 | |a Theses, IIUM local |
| 690 | 0 | |a Dissertations, Academic |x Department of Fiqh and Usul al-Fiqh |z IIUM | |
| 700 | 1 | 0 | |a Lahsasna, Ahcene |9 6352 |
| 710 | 2 | |a International Islamic University Malaysia. |b Kulliyyah of Islamic Revealed Knowledge and Human Sciences | |
| 856 | 4 | |u http://studentrepo.iium.edu.my/handle/123456789/9173 | |
| 900 | |a sn-jmd-his-naw | ||
| 942 | |2 lcc |n 0 | ||
| 999 | |c 432156 |d 464138 | ||
| 952 | |0 0 |6 T BP 000145 S533M3L183 2005 |7 0 |8 THESES |9 754609 |a IIUM |b IIUM |c MULTIMEDIA |g 0.00 |o t BP145S533M3L183 2005 |p 00000938212 |r 2017-10-17 |t 1 |v 0.00 |y THESIS | ||
| 952 | |0 0 |6 TS CDF BP145S533M3L183 2005 |7 0 |8 THESES |9 820938 |a IIUM |b IIUM |c MULTIMEDIA |g 0.00 |o ts cdf BP145S533M3L183 2005 |p 11100325415 |r 2017-10-26 |t 1 |v 0.00 |y THESISDIG | ||
